[Event "LEM M-V 2026 Open"]
[Site "Neubrandenburg"]
[Date "2026.03.30"]
[Round "5.11"]
[White "Radloff, Arno"]
[Black "Betke, Arno"]
[Result "1/2-1/2"]
[Time "09:00:00"]
[WhiteElo "1704"]
[BlackElo "1793"]

1. d4 e6 2. c4 c5 3. d5 exd5 4. cxd5 d6 5. Nc3 g6 6. e4 a6 7. a4 Bg7 8. Qc2 Nf6 9. Nf3 O-O 10. Be2 Bg4 11. O-O Re8 12. h3 Bxf3 13. Bxf3 Nbd7 14. Re1 Qc7 15. Bd2 Re7 16. Rad1 Rb8 17. Qc1 b5 18. axb5 axb5 19. Qc2 b4 20. Ne2 Ne5 21. Ng3 Nxf3+ 22. gxf3 h6 23. b3 Rbe8 24. Qc1 Kh7 25. Re2 Nxd5 26. Rde1 Nc3 27. Bxc3 Bxc3 28. Rd1 Ra8 29. Qc2 Qd7 30. Qd3 Rd8 31. Ra2 Qe6 32. Kg2 Red7 33. Qd5 Qxd5 34. exd5 Be5 35. Re2 Kg7 36. Nf1 Kf6 37. Ne3 h5 38. Nc4 Re7 39. Re4 Bc3 40. Rf4+ Kg5 41. Re4 Rxe4 42. fxe4 Kf6 43. f3 Ke7 44. Kg3 g5 45. Rf1 Be5+ 46. Nxe5 dxe5 47. Rc1 Rc8 48. Rc4 1/2-1/2

[Event "LEM M-V 2026 Open"]
[Site "Neubrandenburg"]
[Date "2026.03.30"]
[Round "5.13"]
[White "Röseler, Ole"]
[Black "Wilke, Anja"]
[Result "1-0"]
[Time "09:00:00"]
[WhiteElo "1650"]
[BlackElo "1034"]

1. e4 e5 2. Nf3 Nc6 3. Bb5 f6 4. d3 Bc5 5. c3 Nge7 6. d4 exd4 7. cxd4 Bb4+ 8. Nc3 Bxc3+ 9. bxc3 d6 10. d5 a6 11. Qa4 Bd7 12. dxc6 axb5 13. cxd7+ Kxd7 14. Qxb5+ Kc8 15. Be3 Qd7 16. Qxd7+ Kxd7 17. Ke2 Ke6 18. Nd4+ Kd7 19. Rhd1 g6 20. f4 Ra6 21. Nb3 Ke6 22. g4 Rha8 23. f5+ gxf5 24. gxf5+ Kf7 25. Rd2 Nc6 26. Kf3 Ne5+ 27. Kf4 Rg8 28. h3 Rg7 29. Rg1 Rxg1 30. Bxg1 Ra8 31. Bd4 Rg8 32. Bxe5 fxe5+ 33. Kf3 b6 34. Rg2 Rxg2 35. Kxg2 Kf6 36. Kg3 c6 37. Nd2 b5 38. Kg4 Kg7 39. a3 c5 40. c4 1-0

[Event "LEM M-V 2026 Open"]
[Site "Neubrandenburg"]
[Date "2026.03.30"]
[Round "6.1"]
[White "Wilke, Ronja"]
[Black "Kruse, Johannes"]
[Result "1/2-1/2"]
[Time "15:00:00"]
[WhiteElo "1782"]
[BlackElo "1807"]

1. e4 c5 2. c3 Nf6 3. e5 Nd5 4. d4 cxd4 5. cxd4 d6 6. Bc4 Nb6 7. Bb3 g6 8. f4 Bg7 9. Nf3 O-O 10. O-O Nc6 11. Nc3 e6 12. Ne4 d5 13. Nd6 Qd7 14. Be3 Ne7 15. g4 f5 16. h3 Rb8 17. Qe1 Na8 18. Rc1 Nc7 19. Qa5 Nc6 20. Qe1 a6 21. Qd2 Ne8 22. Nxe8 Rxe8 23. Bf2 Bf8 24. Bh4 Be7 25. Qf2 Bxh4 26. Qxh4 1/2-1/2

[Event "LEM M-V 2026 Open"]
[Site "Neubrandenburg"]
[Date "2026.03.30"]
[Round "6.2"]
[White "Briese, Paul"]
[Black "Winkler, Karl"]
[Result "1-0"]
[Time "15:00:00"]
[WhiteElo "1792"]
[BlackElo "1873"]

1. e4 e5 2. Nf3 Nc6 3. Bc4 Nf6 4. Ng5 d5 5. exd5 Na5 6. Bb5+ c6 7. dxc6 bxc6 8. Bd3 Qd5 9. O-O h6 10. Nc3 Qd8 11. Nf3 Bd6 12. Re1 Qc7 13. b4 Nb7 14. b5 O-O 15. bxc6 Nc5 16. Nb5 Qxc6 17. Nxd6 Nxd3 18. Nxc8 1-0

[Event "LEM M-V 2026 Open"]
[Site "Neubrandenburg"]
[Date "2026.03.30"]
[Round "6.3"]
[White "Asmussen, Johann"]
[Black "Hartung, Sebastian"]
[Result "0-1"]
[Time "15:00:00"]
[WhiteElo "1592"]
[BlackElo "1561"]

1. d4 b6 2. e4 Bb7 3. Bd3 e6 4. Nf3 c5 5. c3 cxd4 6. cxd4 Bb4+ 7. Bd2 Qe7 8. O-O Bxd2 9. Nbxd2 Nc6 10. a3 a6 11. b4 b5 12. Nb3 d6 13. Re1 Nf6 14. Rc1 O-O 15. e5 Nd5 16. exd6 Qxd6 17. Nc5 Qe7 18. Qc2 Rac8 19. Bxh7+ Kh8 20. Be4 Nf6 21. Nxb7 Nxe4 22. Rxe4 Nxd4 23. Qb1 Nxf3+ 24. gxf3 Qg5+ 25. Kh1 Rxc1+ 0-1

[Event "LEM M-V 2026 Open"]
[Site "Neubrandenburg"]
[Date "2026.03.30"]
[Round "6.4"]
[White "Briese, Sophie"]
[Black "Eschrig, Immanuel"]
[Result "0-1"]
[Time "15:00:00"]
[WhiteElo "1629"]
[BlackElo "1799"]

1. e4 Nc6 2. d4 d5 3. e5 Bf5 4. c3 f6 5. Nf3 e6 6. Bd3 Bxd3 7. Qxd3 fxe5 8. Nxe5 Nxe5 9. dxe5 Be7 10. Qb5+ c6 11. Qxb7 Qc8 12. Qxc8+ Rxc8 13. Be3 a6 14. Nd2 g5 15. Nf3 h6 16. h3 Bf8 17. O-O-O Ne7 18. Nd4 Kd7 19. g3 c5 20. Ne2 Nf5 21. Kd2 Rg8 22. Rhg1 Be7 23. b3 Kc6 24. f4 Rcd8 25. Rc1 Kb7 26. Bf2 Rd7 27. g4 Ng7 28. Kc2 gxf4 29. Nxf4 Bg5 30. Bg3 Rf7 31. Ne2 Bxc1 32. Kxc1 Rgf8 33. Nf4 Rxf4 34. Bxf4 Rxf4 35. Rg3 d4 36. cxd4 cxd4 37. Rd3 Kc6 0-1

[Event "LEM M-V 2026 Open"]
[Site "Neubrandenburg"]
[Date "2026.03.30"]
[Round "6.6"]
[White "Gorski, Paul Peter"]
[Black "Eichler, Charline"]
[Result "1-0"]
[Time "15:00:00"]
[WhiteElo "1685"]
[BlackElo "1709"]

1. e4 e5 2. Nf3 Nc6 3. Bc4 Bc5 4. c3 Nf6 5. d4 exd4 6. cxd4 Bb4+ 7. Nc3 Bxc3+ 8. bxc3 Nxe4 9. O-O O-O 10. Qc2 d5 11. Bd3 Re8 12. Re1 Nf6 13. Bg5 Rxe1+ 14. Rxe1 g6 15. h4 b6 16. h5 Bg4 17. hxg6 hxg6 18. Ne5 Bd7 19. Nxd7 Qxd7 20. Bxf6 Qd6 21. Be5 Nxe5 22. Rxe5 Kg7 23. Qe2 Rh8 24. g3 Qa3 25. Re7 Qc1+ 26. Qe1 Qh6 27. Qe5+ Kg8 28. Re8+ 1-0

[Event "LEM M-V 2026 Open"]
[Site "Neubrandenburg"]
[Date "2026.03.30"]
[Round "6.7"]
[White "Wrage, Julius"]
[Black "Jäger, Maria"]
[Result "0-1"]
[Time "15:00:00"]
[WhiteElo "1661"]
[BlackElo "1726"]

1. e4 c6 2. d4 d5 3. exd5 cxd5 4. Bd3 Nc6 5. c3 e5 6. dxe5 Nxe5 7. Bf4 Nxd3+ 8. Qxd3 Nf6 9. h3 Bc5 10. Qb5+ Nd7 11. Nf3 O-O 12. O-O a6 13. Qd3 Nf6 14. Nbd2 Re8 15. Nb3 Ba7 16. Rad1 Bd7 17. Nbd4 Ne4 18. Rfe1 Bb5 19. Qc2 Qf6 20. Be3 Bc6 21. Nxc6 bxc6 22. Bxa7 Rxa7 23. Qa4 Raa8 24. Re2 Red8 25. Rde1 h5 26. Nd4 c5 27. Nb3 c4 28. Nd4 g5 29. f3 Nc5 30. Qc6 Qxc6 31. Nxc6 Nd3 32. Nxd8 Nxe1 33. Rxe1 Rxd8 34. Rd1 Kg7 35. Kf2 Kf6 36. Rd4 Ke5 37. Ke3 Rb8 38. Rd2 f5 39. g3 a5 40. f4+ gxf4+ 41. gxf4+ Kd6 42. Rf2 Re8+ 43. Kf3 Re1 44. Re2 Rg1 45. Kf2 Rg8 46. Re1 h4 47. Re2 Rg7 48. Re1 a4 49. a3 Rg3 50. Re3 Rxe3 51. Kxe3 Kc5 52. Ke2 d4 53. cxd4+ Kxd4 54. Kf3 Kd3 55. Kf2 Kc2 0-1

[Event "LEM M-V 2026 Open"]
[Site "Neubrandenburg"]
[Date "2026.03.30"]
[Round "6.8"]
[White "Hopp, Celina"]
[Black "Wolter, Günter"]
[Result "1-0"]
[Time "15:00:00"]
[WhiteElo "1740"]
[BlackElo "1810"]

1. e4 d5 2. exd5 Nf6 3. d4 Nxd5 4. Nf3 Bg4 5. c3 g6 6. Bd3 Bg7 7. h3 Bd7 8. Qb3 Bc6 9. Nbd2 O-O 10. O-O Nd7 11. Re1 b6 12. Be4 N7f6 13. c4 Nxe4 14. Nxe4 Nf6 15. Nxf6+ Bxf6 16. d5 Bd7 17. Bh6 Re8 18. Rad1 Qc8 19. Ne5 Bxe5 20. Rxe5 f6 21. Re3 e6 22. Rf3 f5 23. dxe6 Bxe6 24. Qc3 Re7 25. Re3 Kf7 26. Qg7+ Ke8 27. Qf8# 1-0

[Event "LEM M-V 2026 Open"]
[Site "Neubrandenburg"]
[Date "2026.03.30"]
[Round "6.9"]
[White "Le, Tomab Linh"]
[Black "Eichler, Max"]
[Result "1-0"]
[Time "15:00:00"]
[WhiteElo "1475"]
[BlackElo "1644"]

1. e4 e5 2. Nf3 Nc6 3. Bb5 a6 4. Ba4 b5 5. Bb3 Bc5 6. c3 Nf6 7. d4 exd4 8. e5 Ng4 9. Bxf7+ Kxf7 10. Ng5+ Kg8 11. Qb3+ d5 12. exd6+ 1-0

[Event "LEM M-V 2026 Open"]
[Site "Neubrandenburg"]
[Date "2026.03.30"]
[Round "6.10"]
[White "Wagner, Tino"]
[Black "Röseler, Ole"]
[Result "1/2-1/2"]
[Time "15:00:00"]
[WhiteElo "1583"]
[BlackElo "1650"]

1. e4 c5 2. d4 cxd4 3. c3 dxc3 4. Nxc3 Nc6 5. Nf3 e5 6. Bc4 Nf6 7. Ng5 d5 8. Bxd5 Nxd5 9. exd5 Nd4 10. O-O Be7 11. Re1 f6 12. Nge4 O-O 13. d6 Bxd6 14. Nxd6 Qxd6 15. Nb5 Nxb5 16. Qb3+ Be6 17. Qxb5 b6 18. Qe2 Rfd8 19. Be3 Rac8 20. b3 Rc6 21. Red1 Qe7 22. Qf3 Rdc8 23. h3 Qf7 24. Rac1 Rxc1 25. Rxc1 Rxc1+ 26. Bxc1 Bd5 27. Qc3 Qb7 28. Qg3 Qc6 29. Bh6 g6 30. h4 Qc2 31. Qg4 Qc6 32. Qb4 Qc5 33. Qxc5 bxc5 34. Be3 c4 35. bxc4 Bxc4 36. a3 a6 37. g3 Kf7 38. Kg2 Ke6 39. Kf3 Kf5 40. g4+ Ke6 41. g5 f5 1/2-1/2

[Event "LEM M-V 2026 Open"]
[Site "Neubrandenburg"]
[Date "2026.03.30"]
[Round "6.11"]
[White "Seegebrecht, Johann"]
[Black "Thormählen, Tjark"]
[Result "0-1"]
[Time "15:00:00"]
[WhiteElo "1491"]
[BlackElo "1664"]

1. d4 d5 2. Bf4 Nf6 3. e3 e6 4. c4 a6 5. Nc3 Nbd7 6. Nf3 Be7 7. Bd3 dxc4 8. Bxc4 b5 9. Bd3 Bb7 10. Rc1 c5 11. dxc5 Nxc5 12. Be2 O-O 13. O-O Rc8 14. h3 Qb6 15. b4 Nce4 16. Qb3 Nxc3 17. Rxc3 Nd5 18. Rxc8 Rxc8 19. Ne5 Nxf4 20. exf4 Bd5 21. Qg3 Qd4 22. Rd1 Qxb4 23. f5 Bf6 24. fxe6 fxe6 25. Bg4 Qd6 26. Nf3 Qxg3 27. fxg3 Rc2 28. a3 Ra2 29. Rd3 Bb2 30. Ng5 Rxa3 31. Rxa3 Bxa3 32. Nxe6 Bxe6 33. Bxe6+ Kf8 34. Kf2 Ke7 35. Bg8 h6 36. Ke3 Kd6 37. Kd4 a5 38. Kc3 a4 39. g4 b4+ 40. Kc2 b3+ 41. Kc3 Bc1 42. Bc4 b2 43. Ba2 Ke5 44. Kc2 a3 45. g3 Ke4 46. Kb1 Kf3 47. Bc4 Kxg3 48. Bf1 g5 49. Ka2 Kf2 50. Bc4 Kg2 51. Be6 Kxh3 52. Bf5 Kh4 53. Be6 h5 54. gxh5 Kxh5 55. Bf5 g4 56. Bxg4+ Kxg4 57. Kb1 Kf3 58. Ka2 Bf4 59. Kb1 Ke2 60. Ka2 Be5 0-1

[Event "LEM M-V 2026 Open"]
[Site "Neubrandenburg"]
[Date "2026.03.30"]
[Round "6.12"]
[White "Radloff, Arno"]
[Black "Bielewicz, Marek"]
[Result "0-1"]
[Time "15:00:00"]
[WhiteElo "1704"]
[BlackElo "1611"]

1. d4 Nf6 2. c4 c5 3. d5 b5 4. cxb5 a6 5. bxa6 Bxa6 6. Nc3 d6 7. Nf3 g6 8. g3 Bg7 9. Bg2 O-O 10. O-O Nbd7 11. Re1 Qb6 12. e4 Ng4 13. Qc2 Rfb8 14. h3 Nge5 15. Nxe5 Nxe5 16. b3 Nd3 17. Rd1 c4 18. Rb1 Bxc3 19. Be3 Qa5 20. Bf1 Bg7 21. bxc4 Ne5 22. Bd2 Nf3+ 23. Kg2 Nxd2 24. Rxb8+ Rxb8 25. Rxd2 Rb2 0-1

[Event "LEM M-V 2026 Open"]
[Site "Neubrandenburg"]
[Date "2026.03.31"]
[Round "7.1"]
[White "Eschrig, Immanuel"]
[Black "Kruse, Johannes"]
[Result "0-1"]
[Time "09:00:00"]
[WhiteElo "1799"]
[BlackElo "1807"]

1. e4 c5 2. Nc3 Nc6 3. f4 e6 4. Nf3 Be7 5. Bb5 Nf6 6. O-O O-O 7. Bxc6 bxc6 8. d3 d5 9. Bd2 Ba6 10. Re1 c4 11. dxc4 Bxc4 12. Ne5 Ba6 13. Be3 Qc7 14. Bf2 Rfd8 15. Qf3 Nd7 16. Nxd7 Rxd7 17. Rad1 Rb8 18. Bd4 Rbd8 19. a3 dxe4 20. Qxe4 Rxd4 21. Rxd4 Bc5 0-1

[Event "LEM M-V 2026 Open"]
[Site "Neubrandenburg"]
[Date "2026.03.31"]
[Round "7.2"]
[White "Hartung, Sebastian"]
[Black "Briese, Paul"]
[Result "0-1"]
[Time "09:00:00"]
[WhiteElo "1561"]
[BlackElo "1792"]

1. b3 d5 2. Bb2 Bf5 3. e3 e6 4. d4 Nf6 5. Bd3 Bg6 6. Nf3 Nbd7 7. O-O Bd6 8. c4 c6 9. Nc3 O-O 10. Rc1 Ne4 11. Qc2 f5 12. g3 Rc8 13. c5 Bb8 14. b4 Ng5 15. Nh4 Bh5 16. Be2 Nf6 17. Bxh5 Nxh5 18. f4 Ne4 19. Nxe4 fxe4 20. Qe2 Nf6 21. Kh1 Rc7 22. b5 Qe8 23. a4 h6 24. Bc3 g5 25. fxg5 hxg5 26. Ng2 Rh7 27. Kg1 Qg6 28. Ne1 Qh6 29. Qg2 Ng4 30. Rxf8+ Qxf8 31. h4 gxh4 32. Nc2 h3 33. Qe2 h2+ 34. Kg2 Qf3+ 35. Qxf3 exf3+ 36. Kxf3 h1=Q+ 37. Rxh1 Rxh1 38. Kxg4 Rc1 0-1

[Event "LEM M-V 2026 Open"]
[Site "Neubrandenburg"]
[Date "2026.03.31"]
[Round "7.3"]
[White "Gorski, Paul Peter"]
[Black "Wilke, Ronja"]
[Result "1-0"]
[Time "09:00:00"]
[WhiteElo "1685"]
[BlackElo "1782"]

1. e4 c5 2. Nf3 d6 3. d4 cxd4 4. Nxd4 Nf6 5. Nc3 Nc6 6. Bc4 e6 7. g4 Nxd4 8. Qxd4 Nxg4 9. Be3 Ne5 10. O-O-O Bd7 11. f4 Nc6 12. Qd2 a6 13. f5 exf5 14. Nd5 Be7 15. Kb1 O-O 16. Bb6 Qc8 17. Rhg1 Be6 18. Qh6 g6 19. Bd4 f6 20. Rxg6+ 1-0

[Event "LEM M-V 2026 Open"]
[Site "Neubrandenburg"]
[Date "2026.03.31"]
[Round "7.5"]
[White "Jäger, Maria"]
[Black "Hopp, Celina"]
[Result "1/2-1/2"]
[Time "09:00:00"]
[WhiteElo "1726"]
[BlackElo "1740"]

1. d4 d5 2. c4 e6 3. Nc3 Nf6 4. Bg5 Be7 5. Nf3 O-O 6. e3 dxc4 7. Bxc4 Nbd7 8. O-O c5 9. Rc1 Nb6 10. Bd3 cxd4 11. Nxd4 Nfd5 12. Bxe7 Qxe7 13. Qe2 Bd7 14. a3 Rac8 15. Qh5 h6 16. Ne4 Nf6 17. Qa5 Nbd5 18. Nxf6+ Qxf6 19. Qxa7 Bc6 20. Nxc6 bxc6 21. Rc2 Rc7 22. Qa4 c5 23. Rfc1 Qe7 24. Qa5 Rfc8 25. g3 g6 26. e4 Nf6 27. b4 Ra7 28. Qb5 Rxa3 29. Rxc5 Rxc5 30. bxc5 Qd8 31. Bb1 Qd2 32. Qf1 Kf8 33. h3 Ke7 34. c6 Rc3 35. Rd1 Qg5 36. h4 Qc5 37. Kg2 Qxc6 38. Qe2 h5 39. Kg1 Rc1 40. Rxc1 Qxc1+ 41. Qf1 Qc5 42. Qd3 Ng4 43. Qc2 Qb6 44. Ba2 Qa7 45. Qd2 Qc5 46. Qg5+ Qxg5 47. hxg5 Ne5 48. f4 Nd7 49. Bc4 Nc5 50. e5 Nd7 51. Kg2 Nf8 52. Kf3 Nd7 53. g4 hxg4+ 54. Kxg4 Nf8 55. Kf3 Nd7 56. Ke4 Nc5+ 57. Kd4 Nd7 58. Bb3 Nf8 59. Kc5 Nd7+ 60. Kc6 Nf8 61. Kc7 Nh7 62. Ba4 Nf8 1/2-1/2

[Event "LEM M-V 2026 Open"]
[Site "Neubrandenburg"]
[Date "2026.03.31"]
[Round "7.6"]
[White "Le, Tomab Linh"]
[Black "Asmussen, Johann"]
[Result "1-0"]
[Time "09:00:00"]
[WhiteElo "1475"]
[BlackElo "1592"]

1. e4 Nc6 2. d4 d5 3. e5 Bf5 4. Nf3 f6 5. Nh4 e6 6. Bb5 fxe5 7. Bxc6+ bxc6 8. Nxf5 exf5 9. dxe5 Bc5 10. Qh5+ g6 11. Qe2 Rb8 12. a3 Qh4 13. b4 Bb6 14. Bb2 Nh6 15. g3 Qe7 16. f4 O-O 17. c4 a5 18. c5 Ba7 19. Bc3 Rfd8 20. O-O Kf8 21. Qa6 axb4 22. axb4 Bxc5+ 23. bxc5 Qxc5+ 24. Kh1 d4 25. Bd2 Qd5+ 26. Kg1 d3 27. Nc3 Qd4+ 28. Kg2 Rb2 29. Qa3+ Rb4 30. Na2 Qe4+ 31. Kh3 c5 32. Nxb4 Nf7 33. Rae1 Qb7 34. Nxd3 g5 35. Qxc5+ Kg8 36. e6 g4+ 37. Kh4 Nd6 38. e7 Re8 39. Nb4 Qg2 40. Qd5+ 1-0

[Event "LEM M-V 2026 Open"]
[Site "Neubrandenburg"]
[Date "2026.03.31"]
[Round "7.7"]
[White "Winter, John-Roy Günter"]
[Black "Briese, Sophie"]
[Result "0-1"]
[Time "09:00:00"]
[WhiteElo "1734"]
[BlackElo "1629"]

1. d4 Nf6 2. Nf3 g6 3. c4 Bg7 4. Nc3 d5 5. cxd5 Nxd5 6. e4 Nxc3 7. bxc3 c6 8. Be2 O-O 9. O-O Nd7 10. Be3 e5 11. Qc2 exd4 12. cxd4 Re8 13. Rad1 Nb6 14. Nd2 Be6 15. Nb3 f5 16. Nc5 fxe4 17. Nxe6 Rxe6 18. a4 Nd5 19. Qb3 Qe7 20. Bc1 Qb4 21. Qh3 Rf6 22. g3 Nc3 23. Rde1 Qxa4 24. Bg4 Rff8 25. Be6+ Kh8 26. Bd2 Bxd4 27. Bxc3 Bxc3 28. Re3 Bd2 29. Re2 Rad8 30. Rd1 Qxd1+ 31. Qf1 Qxf1+ 32. Kxf1 Ba5 33. Bb3 Rd4 34. Kg2 Rd2 35. Bc4 Rxe2 36. Bxe2 c5 37. Kf1 a6 38. h4 b5 39. Bd1 c4 40. Ke2 c3 41. Bb3 b4 42. Ba4 Bb6 43. f4 exf3+ 44. Kf1 f2 45. Bb3 Re8 46. Bc4 c2 0-1

[Event "LEM M-V 2026 Open"]
[Site "Neubrandenburg"]
[Date "2026.03.31"]
[Round "7.9"]
[White "Eichler, Charline"]
[Black "Betke, Arno"]
[Result "1-0"]
[Time "09:00:00"]
[WhiteElo "1709"]
[BlackElo "1793"]

1. d4 e6 2. c4 c5 3. e3 Nf6 4. Nc3 Nc6 5. d5 exd5 6. cxd5 Ne5 7. Nf3 Nxf3+ 8. Qxf3 d6 9. Bb5+ Bd7 10. O-O a6 11. Bxd7+ Qxd7 12. a4 Qg4 13. Qxg4 Nxg4 14. f3 Ne5 15. e4 Be7 16. f4 Nd3 17. Nd1 Bf6 18. Rf3 Bd4+ 19. Kf1 Nb4 20. Bd2 a5 21. Bc3 Bxc3 22. bxc3 Na6 23. Rb1 Rb8 24. Ne3 Nc7 25. Nc4 b5 26. axb5 Nxb5 27. Nxd6+ 1-0

[Event "LEM M-V 2026 Open"]
[Site "Neubrandenburg"]
[Date "2026.03.31"]
[Round "7.10"]
[White "Bielewicz, Marek"]
[Black "Wagner, Tino"]
[Result "1-0"]
[Time "09:00:00"]
[WhiteElo "1611"]
[BlackElo "1583"]

1. e4 e5 2. f4 d5 3. exd5 c6 4. d3 cxd5 5. fxe5 Nc6 6. Nf3 Bc5 7. Bg5 Qb6 8. Nc3 Bf2+ 9. Kd2 Be6 10. Qe2 h6 11. Bh4 Bxh4 12. Nxh4 Nge7 13. g3 O-O 14. Bg2 Rad8 15. a3 a6 16. b4 Qc7 17. Ke1 Nxe5 18. Nd1 N7c6 19. c3 Bg4 20. Qc2 Rfe8 21. Kd2 Nc4+ 22. Kc1 Re2 23. dxc4 Rxc2+ 24. Kxc2 dxc4 25. Ne3 Ne5 26. h3 Be2 27. Nhf5 Bd3+ 28. Kb2 Bxf5 29. Rad1 Nd3+ 30. Ka2 Qxg3 31. Rhe1 Qxg2+ 32. Nxg2 Bxh3 33. Nh4 Rd7 34. Re8+ Kh7 35. Rg1 Nf4 36. Re4 Rd2+ 37. Ka1 Ne2 38. Nf3 Rc2 39. Nd4 Nxd4 40. cxd4 Bg2 41. Rg4 1-0

[Event "LEM M-V 2026 Open"]
[Site "Neubrandenburg"]
[Date "2026.03.31"]
[Round "7.11"]
[White "Röseler, Ole"]
[Black "Eichler, Max"]
[Result "1-0"]
[Time "09:00:00"]
[WhiteElo "1650"]
[BlackElo "1644"]

1. e4 e5 2. Nf3 Nc6 3. Bb5 Nf6 4. O-O d6 5. d3 Be7 6. c3 O-O 7. h3 Bd7 8. Re1 a6 9. Ba4 b5 10. Bc2 Rb8 11. d4 b4 12. d5 Na5 13. cxb4 Nb7 14. Nc3 c6 15. Be3 cxd5 16. Nxd5 Nxd5 17. exd5 Bf6 18. Qd2 h6 19. Bxh6 gxh6 20. Qxh6 Bg7 21. Qh7# 1-0

[Event "LEM M-V 2026 Open"]
[Site "Neubrandenburg"]
[Date "2026.03.31"]
[Round "7.12"]
[White "Wolter, Günter"]
[Black "Wilke, Anja"]
[Result "1-0"]
[Time "09:00:00"]
[WhiteElo "1810"]
[BlackElo "1034"]

1. Nf3 Nf6 2. g3 g6 3. Bg2 Bg7 4. O-O c6 5. d3 d5 6. Nbd2 O-O 7. c3 Nbd7 8. Qc2 Qc7 9. Re1 Re8 10. e4 dxe4 11. Nxe4 Nxe4 12. Rxe4 Nf6 13. Bf4 Qb6 14. Re2 Bg4 15. Rae1 e6 16. h3 Bxf3 17. Bxf3 h6 18. h4 h5 19. d4 Qd8 20. Bg5 Qd7 21. Qd2 Rac8 22. b4 b5 23. Qc2 a6 24. a4 Nd5 25. Bd2 Nb6 26. axb5 axb5 27. Be3 Nc4 28. Ra1 Ra8 29. Ree1 Qb7 30. Qe4 Rac8 31. Ra2 f5 32. Qd3 Ra8 33. Rea1 Rxa2 34. Rxa2 Ra8 35. Qe2 Kf7 36. Bf4 Re8 37. Qf1 e5 38. Qa1 Re7 39. Bg5 Bf6 40. Bxc6 Qb8 41. Bd5+ Kg7 42. Bxf6+ Kxf6 43. Ra6+ Kg7 44. Ra8 Qc7 45. Qc1 Nb6 46. Rg8+ Kh7 47. Qg5 Rg7 48. Rh8+ Kxh8 49. Qh6+ Rh7 50. Qf8# 1-0